| 000 | 00491nam a2200169Ia 4500 | ||
|---|---|---|---|
| 999 |
_c19775 _d19775 |
||
| 003 | OSt | ||
| 005 | 20200611143222.0 | ||
| 008 | 190216s9999||||xx |||||||||||||| ||und|| | ||
| 020 | _a 0448020246 | ||
| 040 | _coclc | ||
| 082 |
_a722.4 _bTAD/M |
||
| 100 |
_aTaddei, Maurizio _92793 |
||
| 245 | 0 |
_aMonuments Of Civilization India / _cMaurizio Taddei |
|
| 260 |
_bGrosset and Dunlap, _c1978. _aNewYork: |
||
| 300 | _a191p | ||
| 942 |
_cBK _2ddc _h722.4 _iTAD/M _k722.4 _mTAD/M |
||